Responses for Show #2595 - Friday, December 8, 1995

Contestants

[<< previous game]

Richard Prince, a production manager from Studio City, California

Michael McGuinness, a teacher from San Francisco, California

Gwen LaTray, a day care provider from Portage, Indiana (whose 1-day cash winnings total $13,500)

[next game >>]

Jeopardy! Round responses

MYTHOLOGY
TV TRIVIA
HOLIDAYS & OBSERVANCES
THE ANIMAL KINGDOM
CROSSWORD CLUES "V"
I ♥ NY
    $100 16
(Alex: Yeah, makes sense.)

future

Michael
    $100 21
Tom Snyder

Gwen
    $100 26
Mother's Day

Richard
    $100 1
a bear

Gwen
    $100 6
victor

Richard
    $100 7
Central Park

Michael
    $200 17
a phoenix

Gwen
    $300 22
Maxwell Smart & Agent 99

Gwen
    $200 27
Valentine's Day

Michael
    $200 2
an ostrich

Gwen
    $200 10
vaccination

Gwen
    $200 8
(Gwen: What's St. John's?)

St. Patrick's

GwenRichard
    $300 18
the Trojan Horse

Gwen
    $300 23
(Gwen: What are The Untouchables?)
...
(Alex: The series is called [*]. Gwen knew that, but she spoke too quickly.)

Unsolved Mysteries

Gwen
Triple Stumper
    $300 28
Christmas

Gwen
    $300 3
a beetle

Gwen
    $300 11
vampire

Gwen
    $300 9
Columbia

Gwen
    $400 19
Cerberus

Michael
    $400 24
Carl Reiner

Gwen
    $400 29
Oklahoma

Michael
    $400 4
a badger

Michael
    $400 12
vintage

Michael
    $400 14
Grand Central

Richard
    $500 20
Dionysus

Richard
    $500 25
(Michael: What is Seahawk?)

Hullabaloo

MichaelRichard
    $500 30
the Netherlands

Michael
    $500 5
an eel

Gwen
    $500 13
vault

Michael
    $500 15
Lincoln Center

Michael

Scores at the first commercial break (after clue 15):

Gwen Michael Richard
$1,700 $1,900 $700

Scores at the end of the Jeopardy! Round:

Gwen Michael Richard
$3,000 $3,000 $1,800

Double Jeopardy! Round responses

AFRICAN HISTORY
TRAVEL & TOURISM
FICTIONAL CHARACTERS
ARCHAEOLOGY
GOVERNMENT & POLITICS
MOVIES
    $200 30
the Nile

Gwen
    $200 16
(Richard: What is Tennessee?)

Kentucky

GwenRichard
    $200 11
Becky Thatcher

Gwen
    $200 5
trees

Richard
    $200 21
Massachusetts

Richard
    $200 1
(Michael: What is "On a Clear Day You Can See Forever"?)

"The Prince of Tides"

GwenMichael
    $400 29
South Africa

Michael
    $400 17
Venice

Richard
    $400 12
the Artful Dodger

Gwen
    $400 7
Stonehenge

Gwen
    $400 22
the USDA (United States Department of Agriculture)

Gwen
    $400 2
"The Pelican Brief"

Richard
    $600 28
Haile Selassie

Gwen
    $600 18
(Michael: What is Munich?)
(Gwen: What is Amsterdam?)

Copenhagen

GwenMichael
Triple Stumper
    $600 13
Fu Manchu

Richard
    $600 8
Inca

Michael
    $600 23
(Walter) Mondale

Gwen
    $600 3
"Bullets Over Broadway"

Richard
    $800 27
Farouk I

Michael
    $1,200 19
(Richard: Don't know.)
(Alex: You had to pick a capital city in the mountains--[*], capital of Nepal. All right, you drop to $300. Select again.)

Kathmandu

Richard
    $1,500 14
(Richard: What is a clock?)

"The Scarlet Letter"

Richard
    $800 9
(Gwen: What's Memphis?)
(Michael: What is Cairo?)
(Richard: What is Alexandria?)

Thebes

GwenMichaelRichard
Triple Stumper
    $800 24
(Gwen: Who's Perot?)
(Richard: Who is Ross Perot?)
(Michael: Um...)
(Alex: Hurry.)
[time's up]
(Alex: Oh, that's too bad. "Who is [*]?" We have less than one minute to go and Gwen, you make the choice.)

Senator Phil Gramm

GwenMichaelRichard
Triple Stumper
    $800 4
"King Lear"

Gwen
    $1000 26
(Alex: President Mobuto of [*].)

Zaire

Triple Stumper
    $1000 20
New Mexico

Gwen
    $1000 15
Lara

Richard
    $1000 10
(Richard: What is the Euphrates?)

the Indus

MichaelRichard
    $1000 25
Teddy Roosevelt

Richard
    $1000 6
"The Thomas Crown Affair"

Michael

Scores at the end of the Double Jeopardy! Round:

Gwen Michael Richard
$5,800 $4,400 $700

[wagering suggestions for these scores]

Final Jeopardy! Round responses

EUROPE
RichardWhat is France?
$650
MichaelWhat is Germany?
$3,000
GwenWhat is Germany?
$3,001
Germany

Final scores:

Gwen Michael Richard
$8,801 $7,400 $50
2-day champion: $22,301 + Jeopardy! '92 home game 2nd place: a trip to Carmel Valley Ranch Resort + a Samsung 8 mm compact camcorder + Jeopardy! '92 home game 3rd place: Muirfield china + Jeopardy! '92 home game

Game dynamics:

Coryat scores:

Gwen Michael Richard
$5,700 $4,400 $3,400
24 R
(including 1 DD),
5 W
15 R,
5 W
14 R,
6 W
(including 2 DDs)

Combined Coryat: $13,500

[game clues] [game scores] [suggest correction]

Game tape date: Unknown
The J! Archive is created by fans, for fans. Scraping, republication, monetization, and malicious use prohibited; this site may use cookies and collect identifying information. See terms. The Jeopardy! game show and all elements thereof, including but not limited to copyright and trademark thereto, are the property of Jeopardy Productions, Inc. and are protected under law. This website is not affiliated with, sponsored by, or operated by Jeopardy Productions, Inc. Join the discussion at JBoard.tv.